00605nam a22001937a 4500003000400000005001700004008004100021020001800062022001300080040002300093082002300116100001300139245008400152260006900236300002100305504004100326650002200367700002200389OSt20240530110425.0150322s2012 ua f b 001 0 fre d a9782724706123 202574136 aEG-CaGPLcEG-CaGPL04221a932.43bCC/K H0 aAl Kindi10aHistoire des Cadis Egyptiens :bAhbar Qudat Misr / cAl Kindi ; Mathieu Tillier aLe Caire :bInstitut Francais D'Archeologie Orientale , c2012 . a304 p. ;c28 cm. aIncludes bibliographical references. aJudges zEgyptian1 aTillier , Mathieu